| 000 | 00564nam a2200205Ia 4500 | ||
|---|---|---|---|
| 005 | 20230824115401.0 | ||
| 008 | 131103s9999 xx 000 0 und d | ||
| 040 | _aLoreto College | ||
| 041 | _aEnglish | ||
| 082 |
_a200 _bHUM |
||
| 245 |
_aHume on Religion _cselected and introduced by Richard Wollheim |
||
| 260 |
_a[s.l.] _bCollins _c18 cm. |
||
| 300 | _a287 p. | ||
| 440 | _aThe Fontana Library | ||
| 504 | _aIncludes bibliographical references and index | ||
| 650 | _aHume - Religion | ||
| 700 | _aWollheim,Richard | ||
| 850 | _aLCLIB | ||
| 942 | _cBK | ||
| 999 |
_c13453 _d63932 |
||